[Event "AUT-chT2M 2223"]
[Site "Austria"]
[Date "2023.04.15"]
[Round "11.5"]
[White "Manhardt, Thomas"]
[Black "Casagrande, Harald"]
[Result "0-1"]
[WhiteElo "2236"]
[BlackElo "2309"]
[PlyCount "54"]
[EventDate "2022.09.30"]
[EventType "team-tourn"]
[EventRounds "11"]
[EventCountry "AUT"]
[SourceTitle "EXT 2024"]
[Source "ChessBase"]
[SourceDate "2023.10.10"]
[SourceVersion "1"]
[SourceVersionDate "2023.10.10"]
[SourceQuality "1"]
[WhiteTeam "Gleisdorf"]
[BlackTeam "St Valentin"]
[WhiteTeamCountry "AUT"]
[BlackTeamCountry "AUT"]

1. b3 e5 2. Bb2 d6 3. e3 c5 4. d4 cxd4 5. exd4 e4 6. d5 f5 7. Nc3 Nf6 8. Nge2 g6 9. Nf4 Qe7 10. Bb5+ Kf7 11. a4 a6 12. Bc4 Nbd7 13. b4 Ne5 14. Bb3 Bh6 15. Ne6 Bd7 16. 0-0 Rhc8 17. Qd4 Nfg4 18. h3 Qh4 19. Ne2 Nf3+ 20. gxf3 Ne5 21. Qb6 exf3 22. N2f4 Bxf4 23. Nxf4 Qxf4 24. Bxe5 dxe5 25. Rfd1 e4 26. Kf1 Qh2 27. Ke1 e3 0-1

[Event "AUT-chT2M 2223"]
[Site "Austria"]
[Date "2022.10.23"]
[Round "6.5"]
[White "Casagrande, Harald"]
[Black "Meyer, Gordon"]
[Result "1/2-1/2"]
[WhiteElo "2309"]
[BlackElo "2190"]
[PlyCount "86"]
[EventDate "2022.09.30"]
[EventType "team-tourn"]
[EventRounds "11"]
[EventCountry "AUT"]
[SourceTitle "EXT 2024"]
[Source "ChessBase"]
[SourceDate "2023.10.10"]
[SourceVersion "1"]
[SourceVersionDate "2023.10.10"]
[SourceQuality "1"]
[WhiteTeam "St Valentin"]
[BlackTeam "Steyregg"]
[WhiteTeamCountry "AUT"]
[BlackTeamCountry "AUT"]

1. b3 e5 2. Bb2 Nc6 3. c4 Nf6 4. Nc3 d5 5. cxd5 Nxd5 6. g3 Be7 7. Bg2 Be6 8. Nf3 0-0 9. 0-0 f5 10. Rc1 Bf6 11. d3 e4 12. Ne1 Kh8 13. Na4 Bxb2 14. Nxb2 Qf6 15. Na4 Rad8 16. Qd2 Bg8 17. dxe4 Ndb4 18. Nd3 fxe4 19. Bxe4 Rfe8 20. Bxc6 Nxc6 21. Qf4 Qxf4 22. Nxf4 g5 23. Ng2 Rxe2 24. Nc3 Red2 25. Rfd1 Rxd1+ 26. Rxd1 Rxd1+ 27. Nxd1 Nb4 28. Nc3 a5 29. Ne3 c6 30. Kf1 Kg7 31. Ke2 Kf6 32. Ne4+ Ke5 33. Nc5 Nxa2 34. Nxb7 Nc1+ 35. Kd2 Nxb3+ 36. Kc3 a4 37. Kb4 Ke4 38. h4 gxh4 39. gxh4 Kf3 40. h5 Kxf2 41. Ng4+ Kg3 42. Nf6 Kh4 43. Nxg8 Kxh5 1/2-1/2

[Event "AUT-chT2M 2223"]
[Site "Austria"]
[Date "2022.10.02"]
[Round "3.4"]
[White "Eder, Matthias"]
[Black "Casagrande, Harald"]
[Result "1-0"]
[WhiteElo "2247"]
[BlackElo "2309"]
[PlyCount "77"]
[EventDate "2022.09.30"]
[EventType "team-tourn"]
[EventRounds "11"]
[EventCountry "AUT"]
[SourceTitle "CBM 210 Extra"]
[Source "ChessBase"]
[SourceDate "2022.11.30"]
[SourceVersion "1"]
[SourceVersionDate "2022.11.30"]
[SourceQuality "1"]
[WhiteTeam "Graz Schachfreunde"]
[BlackTeam "St Valentin"]
[WhiteTeamCountry "AUT"]
[BlackTeamCountry "AUT"]

1. e4 c6 2. d4 d5 3. e5 g6 4. c4 Be6 5. cxd5 Bxd5 6. Nc3 e6 7. Bf4 Qb6 8. Qd2 Ne7 9. Nge2 Nf5 10. 0-0-0 Na6 11. Ng3 0-0-0 12. Nxf5 gxf5 13. Na4 Qb4 14. Qxb4 Nxb4 15. Nc3 Nxa2+ 16. Kb1 Nxc3+ 17. bxc3 c5 18. Be3 c4 19. Be2 Bxg2 20. Rhg1 Bd5 21. Bg5 Re8 22. Bf6 Bh6 23. Bxh8 Rxh8 24. Rg3 Bf4 25. Rh3 Kd7 26. Bf3 Kc6 27. Rg1 h6 28. Bxd5+ Kxd5 29. Rh4 Bd2 30. Kc2 Bxc3 31. Kxc3 Rb8 32. Ra1 b5 33. Rxa7 b4+ 34. Kb2 c3+ 35. Kb3 Kc6 36. Ra5 Kb6 37. Rc5 Ra8 38. Kxb4 Ra2 39. f4 1-0

[Event "AUT-chT2M 1920"]
[Site "Austria"]
[Date "2020.01.11"]
[Round "8.5"]
[White "Casagrande, Harald"]
[Black "Dietmayer Kraeutler, Marco"]
[Result "1/2-1/2"]
[WhiteElo "2301"]
[BlackElo "2342"]
[PlyCount "129"]
[EventDate "2019.10.11"]
[EventType "team-tourn"]
[EventRounds "11"]
[EventCountry "AUT"]
[SourceTitle "CBM 194 Extra"]
[Source "ChessBase"]
[SourceDate "2020.03.31"]
[SourceVersion "1"]
[SourceVersionDate "2020.03.31"]
[SourceQuality "1"]
[WhiteTeam "St Valentin"]
[BlackTeam "St Veit Aspernig II"]
[WhiteTeamCountry "AUT"]
[BlackTeamCountry "AUT"]

1. d4 d5 2. Nf3 Nf6 3. c4 e6 4. Nc3 c6 5. Bg5 h6 6. Bxf6 Qxf6 7. e4 dxe4 8. Nxe4 Qd8 9. a3 g6 10. Qd2 Bg7 11. Rd1 0-0 12. g3 b6 13. Bg2 Bb7 14. 0-0 c5 15. Rfe1 Bxe4 16. Rxe4 Nc6 17. d5 exd5 18. cxd5 Nd4 19. Nxd4 cxd4 20. Re2 Rc8 21. Rc1 Rc5 22. Rce1 Bf6 23. h4 h5 24. Qf4 Kg7 25. Kh2 Qb8 26. Qxb8 Rxb8 27. Re8 Rxe8 28. Rxe8 d3 29. Re3 d2 30. Rd3 Bxb2 31. d6 Rc8 32. d7 Rd8 33. Rxd2 Bxa3 34. Bc6 Be7 35. Re2 Kf6 36. f3 Bd6 37. Kh3 Be5 38. g4 Ke6 39. Bb5 Kd5 40. Rd2+ Kc5 41. Ba4 Bc3 42. Rc2 Kc4 43. Bc6 b5 44. g5 a5 45. Re2 a4 46. Re8 Ba5 47. Re5 Rb8 48. Bd5+ Kd4 49. f4 Bd8 50. Bxf7 b4 51. Rd5+ Ke4 52. f5 gxf5 53. g6 Bf6 54. g7 Bxg7 55. d8Q Rxd8 56. Rxd8 a3 57. Rb8 Bc3 58. Ra8 Bb2 59. Ra4 Bc3 60. Bxh5 Ke3 61. Kg2 Kd2 62. Bg6 Kc2 63. Bxf5+ Kb2 64. Be6 b3 65. Rxa3 1/2-1/2

[Event "AUT-chT2M 1920"]
[Site "Austria"]
[Date "2019.11.09"]
[Round "5.5"]
[White "Rechberger, Franz"]
[Black "Casagrande, Harald"]
[Result "1/2-1/2"]
[WhiteElo "2117"]
[BlackElo "2301"]
[PlyCount "105"]
[EventDate "2019.10.11"]
[EventType "team-tourn"]
[EventRounds "11"]
[EventCountry "AUT"]
[SourceTitle "CBM 192 Extra"]
[Source "Chessbase"]
[SourceDate "2019.11.06"]
[SourceVersion "1"]
[SourceVersionDate "2019.11.06"]
[SourceQuality "1"]
[WhiteTeam "Freistadt/Wartberg"]
[BlackTeam "St Valentin"]
[WhiteTeamCountry "AUT"]
[BlackTeamCountry "AUT"]

1. e4 c6 2. d4 d5 3. Nd2 dxe4 4. Nxe4 Nd7 5. Nf3 Ndf6 6. Ng3 Bg4 7. Be2 Bxf3 8. Bxf3 e6 9. 0-0 Bd6 10. Re1 Ne7 11. c3 h6 12. Ne4 Nxe4 13. Bxe4 Qc7 14. h3 Bh2+ 15. Kh1 Bf4 16. Bxf4 Qxf4 17. Qf3 Qxf3 18. Bxf3 0-0-0 19. Be4 Nd5 20. Kg1 Rd7 21. Rad1 Rhd8 22. Bc2 b5 23. Bb3 Kc7 24. g3 a5 25. a3 a4 26. Bxd5 Rxd5 27. Rd3 c5 28. Rf3 R8d7 29. dxc5 Rd2 30. c4 bxc4 31. Re4 R2d4 32. Rff4 e5 33. Rxe5 Rxf4 34. gxf4 Kc6 35. Re2 Kxc5 36. Kg2 Rb7 37. Rc2 Kd4 38. Rd2+ Ke4 39. Rc2 Kd3 40. Rc3+ Kd4 41. Rc2 f5 42. Rd2+ Ke4 43. f3+ Ke3 44. Rc2 Kd3 45. Rc3+ Kd4 46. Rc2 c3 47. bxc3+ Kd3 48. Rc1 Kd2 49. Ra1 Kxc3 50. Kg3 Kb2 51. Re1 Kxa3 52. Ra1+ Kb2 53. Rxa4 1/2-1/2

[Event "AUT-chT2M 1920"]
[Site "Austria"]
[Date "2019.10.13"]
[Round "3.5"]
[White "Casagrande, Harald"]
[Black "Ehs, Dominik"]
[Result "0-1"]
[WhiteElo "2301"]
[BlackElo "2087"]
[PlyCount "170"]
[EventDate "2019.10.11"]
[EventType "team-tourn"]
[EventRounds "11"]
[EventCountry "AUT"]
[SourceTitle "CBM 192 Extra"]
[Source "Chessbase"]
[SourceDate "2019.11.06"]
[SourceVersion "1"]
[SourceVersionDate "2019.11.06"]
[SourceQuality "1"]
[WhiteTeam "St Valentin"]
[BlackTeam "Nettingsdorf/Traun"]
[WhiteTeamCountry "AUT"]
[BlackTeamCountry "AUT"]

1. c4 Nf6 2. Nf3 g6 3. b3 Bg7 4. Bb2 0-0 5. d4 d6 6. e3 Nc6 7. Be2 e5 8. 0-0 Nd7 9. Nc3 f5 10. dxe5 Ndxe5 11. Qd2 Nxf3+ 12. Bxf3 Ne5 13. Bd5+ Kh8 14. f4 Ng4 15. Bf3 Nf6 16. Rfe1 Rb8 17. g3 Bd7 18. Qg2 Re8 19. Bxb7 Ng4 20. Nd1 h5 21. Bf3 Bxb2 22. Qxb2+ Kh7 23. Qd4 Qf6 24. Qxf6 Nxf6 25. Nc3 Re7 26. Nd5 Nxd5 27. cxd5 Rb4 28. Rac1 Be8 29. Rc3 a5 30. Kf2 Kg7 31. a3 Rb7 32. e4 fxe4 33. Rxe4 Rxe4 34. Bxe4 Kf6 35. h4 Bd7 36. Ke3 Bg4 37. Bc2 Bf5 38. Bd1 Bd7 39. Kd4 Be8 40. Be2 Bd7 41. Bd3 Bf5 42. Ba6 Rb6 43. Be2 Rb7 44. Bd1 Bd7 45. Bf3 Bf5 46. Re3 Bc2 47. Kc4 Bb1 48. Kc3 Rb8 49. Re6+ Kf7 50. Re2 Bf5 51. Kc4 Bd7 52. Re3 Bb5+ 53. Kc3 Bd7 54. Re4 c5 55. dxc6 Bxc6 56. Re3 Bxf3 57. Rxf3 Ke6 58. Kc4 Rc8+ 59. Kd4 Rc1 60. b4 axb4 61. axb4 Rb1 62. Kc4 d5+ 63. Kc5 Rc1+ 64. Kb6 d4 65. b5 Kf5 66. Ra3 Ke4 67. Ra8 d3 68. Rd8 Ke3 69. Re8+ Kf3 70. Rd8 Ke2 71. Re8+ Kd1 72. Re6 d2 73. Rxg6 Ke2 74. Rd6 Rc3 75. Rxd2+ Kxd2 76. Ka7 Ra3+ 77. Kb7 Rxg3 78. b6 Rf3 79. Kc8 Rxf4 80. b7 Rf8+ 81. Kc7 Ke3 82. b8Q Rxb8 83. Kxb8 Kf4 84. Kc7 Kg4 85. Kd6 Kxh4 0-1

[Event "AUT-chT2M 1718"]
[Site "Austria"]
[Date "2017.11.25"]
[Round "5.3"]
[White "Enoeckl, Philipp"]
[Black "Casagrande, Harald"]
[Result "1/2-1/2"]
[WhiteElo "2275"]
[BlackElo "2315"]
[PlyCount "94"]
[EventDate "2017.10.27"]
[EventType "team-tourn"]
[EventRounds "11"]
[EventCountry "AUT"]
[SourceTitle "CBM 181 Extra"]
[Source "ChessBase"]
[SourceDate "2017.12.12"]
[SourceVersion "1"]
[SourceVersionDate "2017.12.12"]
[SourceQuality "1"]
[WhiteTeam "Steyregg"]
[BlackTeam "St Valentin"]
[WhiteTeamCountry "AUT"]
[BlackTeamCountry "AUT"]

1. d4 Nf6 2. c4 e6 3. Nc3 d5 4. Bg5 Be7 5. e3 0-0 6. Nf3 Nbd7 7. Rc1 a6 8. c5 c6 9. b4 Ne4 10. Bxe7 Qxe7 11. Nxe4 dxe4 12. Ne5 Nxe5 13. dxe5 b5 14. Qd6 Qxd6 15. cxd6 Bd7 16. g3 a5 17. a3 axb4 18. axb4 Ra4 19. Rb1 f5 20. exf6 gxf6 21. Bg2 f5 22. 0-0 Rc8 23. Rfc1 Kf7 24. f3 exf3 25. Bxf3 Ra3 26. Ra1 Rxe3 27. Ra7 Ke8 28. Kf2 Rd3 29. Rc7 Rxd6 30. Rxc8+ Bxc8 31. Rxc6 Rxc6 32. Bxc6+ Bd7 33. Bf3 e5 34. Ke3 Ke7 35. Be2 Kd6 36. Bd3 Kd5 37. Be2 h6 38. h4 Be8 39. Bf1 Kc6 40. Bg2+ Kd6 41. Bf1 Kd5 42. Be2 Bd7 43. Bf1 f4+ 44. gxf4 exf4+ 45. Kxf4 Kd4 46. h5 Kc3 47. Ke5 Kxb4 1/2-1/2

[Event "AUT-chT2M 1718"]
[Site "Austria"]
[Date "2017.11.24"]
[Round "4.3"]
[White "Casagrande, Harald"]
[Black "Taggatz, Mario"]
[Result "1-0"]
[WhiteElo "2315"]
[BlackElo "2154"]
[PlyCount "109"]
[EventDate "2017.10.27"]
[EventType "team-tourn"]
[EventRounds "11"]
[EventCountry "AUT"]
[SourceTitle "CBM 181 Extra"]
[Source "ChessBase"]
[SourceDate "2017.12.12"]
[SourceVersion "1"]
[SourceVersionDate "2017.12.12"]
[SourceQuality "1"]
[WhiteTeam "St Valentin"]
[BlackTeam "Sauwald"]
[WhiteTeamCountry "AUT"]
[BlackTeamCountry "AUT"]

1. d4 d5 2. Nf3 Nf6 3. c3 c5 4. Bf4 e6 5. e3 Nc6 6. Nbd2 Bd6 7. Bg5 0-0 8. Bd3 e5 9. dxe5 Nxe5 10. Nxe5 Bxe5 11. Nf3 Bc7 12. Bc2 d4 13. cxd4 Ba5+ 14. Kf1 cxd4 15. Qxd4 Be6 16. Bxf6 Qxf6 17. Qxf6 Bc4+ 18. Kg1 gxf6 19. h4 Rac8 20. Bf5 Be6 21. Nd4 Bxf5 22. Nxf5 Rc2 23. Rb1 Rd8 24. Nd4 Rc4 25. Kh2 Bb6 26. Nf3 Rc2 27. Rhf1 Bc7+ 28. Kg1 Be5 29. Rfc1 Rdc8 30. Rxc2 Rxc2 31. Nxe5 fxe5 32. a3 Kf8 33. b4 Ke7 34. Rb3 e4 35. g4 b5 36. a4 a6 37. axb5 axb5 38. Kg2 Ke6 39. Kg3 Ke5 40. Rb1 Rc4 41. Rb2 h6 42. Rb1 f6 43. Rb2 Rc3 44. Ra2 Rb3 45. Ra8 Rxb4 46. Re8+ Kd5 47. Rh8 Rc4 48. Rxh6 Rc6 49. Rh8 b4 50. Rb8 Kc4 51. h5 b3 52. Kf4 Re6 53. h6 Re7 54. Kf5 Rh7 55. Kg6 1-0

[Event "AUT-chT2M 1415"]
[Site "Austria"]
[Date "2014.11.16"]
[Round "5.1"]
[White "Theuretzbacher, Klaus"]
[Black "Casagrande, Harald"]
[Result "1/2-1/2"]
[WhiteElo "2249"]
[BlackElo "2315"]
[PlyCount "61"]
[EventDate "2014.10.03"]
[EventType "team-tourn"]
[EventRounds "11"]
[EventCountry "AUT"]
[SourceTitle "CBM 163 Extra"]
[Source "ChessBase"]
[SourceDate "2014.12.23"]
[SourceVersion "1"]
[SourceVersionDate "2014.12.23"]
[SourceQuality "1"]
[WhiteTeam "St Valentin"]
[BlackTeam "Ansfelden"]
[WhiteTeamCountry "AUT"]
[BlackTeamCountry "AUT"]

1. e4 c6 2. Nf3 d5 3. exd5 cxd5 4. Ne5 Nc6 5. Bb5 Bd7 6. Nxd7 Qxd7 7. d4 a6 8. Be2 Nf6 9. 0-0 e6 10. c3 Bd6 11. Nd2 0-0 12. f4 Qc7 13. g3 b5 14. a3 Rab8 15. Bd3 a5 16. Qf3 b4 17. axb4 axb4 18. Re1 Na5 19. Nf1 g6 20. f5 exf5 21. Bxf5 bxc3 22. bxc3 Nb3 23. Bg5 Ne8 24. Rab1 gxf5 25. Qxf5 Qxc3 26. Bf6 Nxf6 27. Qg5+ Kh8 28. Qxf6+ Kg8 29. Qg5+ Kh8 30. Qf6+ Kg8 31. Qg5+ 1/2-1/2

[Event "AUT-chT2M 1112"]
[Site "Austria"]
[Date "2011.12.02"]
[Round "4.6"]
[White "Casagrande, Harald"]
[Black "Forstner, Joerg"]
[Result "1-0"]
[WhiteElo "2321"]
[BlackElo "2113"]
[PlyCount "49"]
[EventDate "2011.10.21"]
[EventType "team-tourn"]
[EventRounds "11"]
[EventCountry "AUT"]
[SourceTitle "EXT 2013"]
[Source "ChessBase"]
[SourceDate "2012.11.22"]
[SourceVersion "1"]
[SourceVersionDate "2012.11.22"]
[SourceQuality "1"]
[WhiteTeam "Ansfelden"]
[BlackTeam "Steyregg"]
[WhiteTeamCountry "AUT"]
[BlackTeamCountry "AUT"]

1. d4 Nf6 2. Bg5 Ne4 3. h4 d5 4. Nd2 Nxd2 5. Qxd2 h6 6. Bf4 Bf5 7. Nf3 e6 8. Ne5 Nd7 9. g4 Nxe5 10. gxf5 Nc4 11. Qd3 Bd6 12. Bxd6 Qxd6 13. b3 Na3 14. fxe6 0-0 15. 0-0-0 fxe6 16. Rg1 Rf6 17. e4 Rxf2 18. e5 Qf8 19. Be2 c5 20. Rdf1 Qf4+ 21. Kb2 c4 22. Qg6 Qxd4+ 23. Kxa3 Qc5+ 24. b4 Qe3+ 25. Bd3 1-0

[Event "AUT-chT2M 1011"]
[Site "Austria"]
[Date "2010.11.26"]
[Round "3"]
[White "Casagrande, Harald"]
[Black "Jakits, Leopold"]
[Result "1-0"]
[WhiteElo "2325"]
[BlackElo "1979"]
[PlyCount "37"]
[EventDate "2010.10.16"]
[EventType "team-tourn"]
[EventRounds "11"]
[EventCountry "AUT"]
[SourceTitle "EXT 2012"]
[Source "ChessBase"]
[SourceDate "2011.11.24"]
[SourceVersion "1"]
[SourceVersionDate "2011.11.24"]
[SourceQuality "1"]
[WhiteTeam "Ansfelden"]
[BlackTeam "Klagenfurt"]
[WhiteTeamCountry "AUT"]
[BlackTeamCountry "AUT"]

1. d4 Nf6 2. Bg5 e6 3. Nf3 b6 4. e4 d6 5. Bb5+ c6 6. Bd3 Be7 7. Qe2 0-0 8. e5 Nd5 9. Qe4 g6 10. h4 Nb4 11. Bxe7 Qxe7 12. exd6 Nxd3+ 13. Qxd3 Qxd6 14. h5 Qf4 15. Nbd2 Ba6 16. Qa3 Rd8 17. hxg6 hxg6 18. Rh4 Qd6 19. Qe3 1-0

[Event "AUT-chT 0809"]
[Site "Austria"]
[Date "2009.03.20"]
[Round "9.5"]
[White "Antoniewski, Rafal"]
[Black "Casagrande, Harald"]
[Result "1-0"]
[WhiteElo "2513"]
[BlackElo "2340"]
[PlyCount "69"]
[EventDate "2008.11.07"]
[EventType "team-tourn"]
[EventRounds "11"]
[EventCountry "AUT"]
[SourceTitle "EXT 2010"]
[Source "ChessBase"]
[SourceDate "2010.11.25"]
[SourceVersion "1"]
[SourceVersionDate "2010.11.25"]
[SourceQuality "1"]
[WhiteTeam "Pamhagen"]
[BlackTeam "Ansfelden"]
[WhiteTeamCountry "AUT"]
[BlackTeamCountry "AUT"]

1. e4 d5 2. Nc3 dxe4 3. Nxe4 Nc6 4. Nf3 e5 5. Bb5 Nge7 6. 0-0 Bg4 7. Bc4 Bh5 8. Nxe5 Nxe5 9. Qxh5 Qd4 10. d3 Nxc4 11. Qb5+ c6 12. Qxc4 Qxc4 13. Nd6+ Kd7 14. Nxc4 f6 15. Bd2 Nf5 16. Rfe1 Bc5 17. b4 Bb6 18. c3 Bc7 19. a4 Rae8 20. Ne3 Nh4 21. d4 f5 22. Nc4 f4 23. f3 g5 24. Kf2 Nf5 25. Re4 Rxe4 26. fxe4 Nh4 27. Nb2 g4 28. Nd3 Ng6 29. Rf1 Rf8 30. Ke2 f3+ 31. gxf3 gxf3+ 32. Rxf3 Rxf3 33. Kxf3 Bxh2 34. e5 h5 35. Ke4 1-0

[Event "AUT-chT2M 0607"]
[Site "Austria"]
[Date "2007.03.31"]
[Round "10.4"]
[White "Casagrande, Harald"]
[Black "Frosch, Ronald"]
[Result "1-0"]
[WhiteElo "2342"]
[BlackElo "2264"]
[PlyCount "129"]
[EventDate "2006.10.28"]
[EventType "team-tourn"]
[EventRounds "11"]
[EventCountry "AUT"]
[SourceTitle "EXT 2007"]
[Source "ChessBase"]
[SourceDate "2006.11.23"]
[SourceVersion "1"]
[SourceVersionDate "2006.11.23"]
[SourceQuality "1"]
[WhiteTeam "Ansfelden"]
[BlackTeam "Gleisdorf"]
[WhiteTeamCountry "AUT"]
[BlackTeamCountry "AUT"]

1. d4 Nf6 2. Bg5 d5 3. Nf3 e6 4. e3 Be7 5. Nbd2 Nbd7 6. Bd3 b6 7. c3 Bb7 8. Qe2 Ne4 9. Bxe7 Qxe7 10. Ba6 Bxa6 11. Qxa6 Nxd2 12. Nxd2 0-0 13. 0-0 e5 14. a4 c5 15. dxe5 Nxe5 16. a5 Rab8 17. axb6 Rxb6 18. Qxa7 Qxa7 19. Rxa7 Rxb2 20. Nf3 Nxf3+ 21. gxf3 Rfb8 22. Kg2 Rd2 23. Rb1 Rf8 24. Rd7 h6 25. Rb5 Re8 26. e4 d4 27. cxd4 cxd4 28. Rbb7 Re6 29. f4 Rf6 30. f5 g6 31. Kf3 Rd3+ 32. Kf4 Ra3 33. Ke5 Kg7 34. Kxd4 gxf5 35. e5 Ra4+ 36. Kd3 Ra3+ 37. Ke2 Ra2+ 38. Kf3 Ra3+ 39. Kf4 Ra4+ 40. Kf3 Ra3+ 41. Ke2 Ra2+ 42. Ke3 Ra3+ 43. Kd4 Ra4+ 44. Kd3 Ra3+ 45. Kc4 Ra4+ 46. Kb3 Rfa6 47. Rxf7+ Kg6 48. Rg7+ Kh5 49. Rb4 Ra3+ 50. Kc4 Rf3 51. Rb2 Rf4+ 52. Kd5 Ra5+ 53. Ke6 Ra6+ 54. Kf7 Ra7+ 55. Kf6 Ra6+ 56. e6 Re4 57. Re7 f4 58. Kf5 Re1 59. Rb5 f3 60. Rg7 Kh4 61. Rg4+ Kh3 62. Rg3+ Kxh2 63. Re5 Re2 64. Rxf3 Kg2 65. Rxe2 1-0

[Event "AUT-chT 0001"]
[Site "Austria"]
[Date "2001.01.19"]
[Round "6.6"]
[White "Casagrande, Harald"]
[Black "Steflitsch, Erich"]
[Result "0-1"]
[WhiteElo "2362"]
[BlackElo "2365"]
[PlyCount "94"]
[EventDate "2000.10.21"]
[EventType "team-tourn"]
[EventRounds "11"]
[EventCountry "AUT"]
[SourceTitle "EXT 2001"]
[Source "ChessBase"]
[SourceDate "2000.11.22"]
[SourceVersion "1"]
[SourceVersionDate "2000.11.22"]
[SourceQuality "1"]
[WhiteTeam "Gamlitz/Leutasch"]
[BlackTeam "Graz Austria"]
[WhiteTeamCountry "AUT"]
[BlackTeamCountry "AUT"]

1. c4 e6 2. g3 d5 3. Bg2 dxc4 4. Qa4+ Nd7 5. Nf3 a6 6. Qxc4 c5 7. 0-0 Bd6 8. e4 e5 9. b4 cxb4 10. Bb2 Ne7 11. d4 Nc6 12. dxe5 Ndxe5 13. Nxe5 Nxe5 14. Qd4 f6 15. Nd2 Be6 16. Rfd1 Qe7 17. Rac1 Rd8 18. Nb3 0-0 19. Qe3 Nc4 20. Qe2 Nxb2 21. Qxb2 Be5 22. Qe2 Rxd1+ 23. Rxd1 Rd8 24. Rxd8+ Qxd8 25. Nc5 Bf7 26. h4 Qd4 27. Nb3 Bxb3 28. axb3 Bxg3 29. Qc2 Kf7 30. Bh3 Bxh4 31. Qc7+ Kg6 32. Bf5+ Kh6 33. Qh2 g5 34. Qc7 Qxf2+ 35. Kh1 Qf3+ 36. Kh2 Qf4+ 37. Qxf4 gxf4 38. Kg2 a5 39. Kf3 Kg5 40. Bc8 b5 41. Bd7 a4 42. bxa4 bxa4 43. Bxa4 h5 44. Bb3 Bg3 45. Be6 h4 46. Kg2 Kg6 47. Kf3 Kg7 0-1

[Event "AUT-chT2S 9900"]
[Site "Austria"]
[Date "2000.01.23"]
[Round "6.6"]
[White "Casagrande, Harald"]
[Black "Kleiser, Gregor"]
[Result "1-0"]
[WhiteElo "2360"]
[BlackElo "2157"]
[PlyCount "93"]
[EventDate "1999.10.??"]
[EventType "team"]
[EventRounds "11"]
[EventCountry "AUT"]
[SourceTitle "EXT 2002"]
[Source "ChessBase"]
[SourceDate "2001.11.25"]
[SourceVersion "1"]
[SourceVersionDate "2001.11.25"]
[SourceQuality "1"]

1. d4 Nf6 2. Bg5 c5 3. Bxf6 gxf6 4. d5 Qb6 5. Qc1 d6 6. e3 Na6 7. Ne2 Bd7 8. Nec3 0-0-0 9. Nd2 Bh6 10. a3 Rdg8 11. Nc4 Qd8 12. b4 Kb8 13. b5 Nc7 14. b6 Nb5 15. bxa7+ Kxa7 16. Qb2 Nxc3 17. Qxc3 b5 18. Na5 Rg4 19. Rb1 Ra4 20. Bxb5 Qxa5 21. Qxa5+ Rxa5 22. Bxd7 Rxa3 23. Kd2 Bg7 24. Bc6 Rb8 25. Rxb8 Kxb8 26. Rb1+ Kc8 27. Be8 f5 28. Bxf7 f4 29. exf4 Bd4 30. Ke2 Kc7 31. Bg8 h6 32. Bh7 Rc3 33. Be4 Ra3 34. h4 Ra4 35. Bd3 Ra3 36. g4 Ra4 37. g5 Bg7 38. Kf3 Ra3 39. Kg4 Ra4 40. Re1 Kd8 41. Be4 Ke8 42. Kh5 Kf7 43. Bg6+ Kf8 44. Rb1 Kg8 45. Rb8+ Bf8 46. Bf5 hxg5 47. Kg6 1-0

[Event "AUT-ch"]
[Site "Vienna"]
[Date "1999.08.15"]
[Round "9"]
[White "Moser, Eva"]
[Black "Casagrande, Harald"]
[Result "1/2-1/2"]
[WhiteElo "2223"]
[BlackElo "2360"]
[PlyCount "66"]
[EventDate "1999.10.07"]
[EventType "tourn"]
[EventRounds "15"]
[EventCountry "AUT"]
[EventCategory "5"]
[SourceTitle "CBM 073 Extra"]
[Source "ChessBase"]
[SourceDate "2000.01.11"]
[SourceVersion "1"]
[SourceVersionDate "2000.01.11"]
[SourceQuality "1"]

1. g3 e5 2. Bg2 h5 3. d4 exd4 4. Nf3 Bb4+ 5. Bd2 Be7 6. Bf4 Nc6 7. Nxd4 Nxd4 8. Qxd4 Bf6 9. Be5 d6 10. Bxf6 Qxf6 11. Qxf6 Nxf6 12. Nc3 c6 13. 0-0-0 Ke7 14. h4 Be6 15. e4 Rad8 16. Rhe1 Rhg8 17. Nd5+ Kf8 18. Nf4 Ne8 19. e5 d5 20. c4 Nc7 21. cxd5 Nxd5 22. Nxd5 cxd5 23. Rd4 Ke7 24. Bf3 g6 25. Re2 Rc8+ 26. Kd1 Rgd8 27. Red2 Rd7 28. Ke2 a5 29. Ke3 Rc5 30. a3 b6 31. Kf4 Rd8 32. b4 Rc4 33. bxa5 bxa5 1/2-1/2

[Event "AUT-ch"]
[Site "Vienna"]
[Date "1999.08.08"]
[Round "2"]
[White "Hansen, Kay"]
[Black "Casagrande, Harald"]
[Result "0-1"]
[WhiteElo "2240"]
[BlackElo "2360"]
[PlyCount "80"]
[EventDate "1999.10.07"]
[EventType "tourn"]
[EventRounds "15"]
[EventCountry "AUT"]
[EventCategory "5"]
[SourceTitle "CBM 073 Extra"]
[Source "ChessBase"]
[SourceDate "2000.01.11"]
[SourceVersion "1"]
[SourceVersionDate "2000.01.11"]
[SourceQuality "1"]

1. d4 g6 2. e4 c6 3. c3 d5 4. Nd2 dxe4 5. Nxe4 Bg7 6. Bc4 Bf5 7. Ng3 b5 8. Bb3 Nf6 9. Nxf5 gxf5 10. a4 e6 11. Bg5 b4 12. cxb4 Qd6 13. Bd2 Qxd4 14. Bc3 Qb6 15. Ne2 Ne4 16. 0-0 Nxc3 17. bxc3 0-0 18. Bc4 Rd8 19. Qb3 Nd7 20. Rad1 Ne5 21. a5 Qc7 22. h3 c5 23. Bb5 Rab8 24. Ba4 Bf8 25. Rxd8 Rxd8 26. f4 Nd3 27. Bb5 cxb4 28. Rf3 Qc5+ 29. Nd4 bxc3 30. Bxd3 Rxd4 31. Kh2 Bd6 32. Bc2 Rxf4 33. Rxf4 Bxf4+ 34. Kh1 Qxa5 35. g4 fxg4 36. hxg4 Qe5 37. Kg2 Qe2+ 38. Kg1 Be3+ 39. Kh1 Qf1+ 40. Kh2 Bf4# 0-1

[Event "AUT-ch"]
[Site "Vienna"]
[Date "1999.08.07"]
[Round "1"]
[White "Casagrande, Harald"]
[Black "Weinzettl, Ernst"]
[Result "1-0"]
[WhiteElo "2360"]
[BlackElo "2420"]
[PlyCount "87"]
[EventDate "1999.10.07"]
[EventType "tourn"]
[EventRounds "15"]
[EventCountry "AUT"]
[EventCategory "5"]
[SourceTitle "CBM 073 Extra"]
[Source "ChessBase"]
[SourceDate "2000.01.11"]
[SourceVersion "1"]
[SourceVersionDate "2000.01.11"]
[SourceQuality "1"]

1. c4 e6 2. b3 d5 3. cxd5 exd5 4. Bb2 Nf6 5. Nf3 Be7 6. e3 0-0 7. Bd3 Nbd7 8. Nc3 Nc5 9. Be2 Bg4 10. Ne5 Bxe2 11. Qxe2 d4 12. Nb5 dxe3 13. dxe3 c6 14. Nd4 Qa5+ 15. Kf1 g6 16. g4 Nce4 17. Nc4 Qd5 18. f3 b5 19. Na5 Nxg4 20. fxg4 Ng3+ 21. hxg3 Qxh1+ 22. Kf2 Qh3 23. Naxc6 Bd6 24. Rg1 f5 25. g5 Rae8 26. Qf3 Re4 27. Rh1 Bxg3+ 28. Ke2 Qg4 29. Nxb5 Rxe3+ 30. Kxe3 Re8+ 31. Be5 Bxe5 32. Qd5+ Kf8 33. Nxe5 Qg3+ 34. Kd2 Rxe5 35. Qd6+ Ke8 36. Nc7+ Kf7 37. Qd7+ Re7 38. Qd5+ Kf8 39. Ne6+ Ke8 40. Nd4 Qf2+ 41. Kc3 Rc7+ 42. Kb4 Qd2+ 43. Ka4 Qxa2+ 44. Kb5 1-0